| 000 | 00822nam a2200193 a 4500 | ||
|---|---|---|---|
| 008 | 060424s1991 ||||||||||||||||| || u | ||
| 020 | _a9221064417 | ||
| 050 | _aLB 1775 Int | ||
| 110 | _aInternational Labour Office | ||
| 245 | 1 | 0 | _aTeachers in developing countries : a survey of employment conditions |
| 260 |
_aGeneva : _bInternational Labour Office _c1991 |
||
| 300 | _aviii, 167 p. : ill. | ||
| 350 | _a0.00 | ||
| 500 | _aIncludes bibliographical references. | ||
| 650 | _aTEACHERS - EMPLOYMENT - DEVELOPING COUNTRIES | ||
| 650 | _aQUALITY OF WORK LIFE - DEVELOPING COUNTRIES | ||
| 650 | _aTEACHERS - EMPLOYMENT - DEVELOPING COUNTRIES - CASE STUDIES | ||
| 995 |
_D0.00 _FCBU-MAIN LIBRARY (Kitwe) _H1 _I25.00 _M1 _UAVAILABLE _ZAnnex Low-Usage Collection |
||
| 999 |
_c59460 _d59460 |
||